Deuda externa: situación límite
Durante las tres últimas décadas, la deuda externa centroamericana se ha incrementado al doble debido a la crisis internacional y al gotamiento del modelo agroexportador para adecuarse a los procesos de desacelaración de la economía mundial. El incremento de los precios del petróleo en 1973 y 1979,...
Wedi'i Gadw mewn:
| Fformat: | Texto |
|---|---|
| Pynciau: | |
| Tagiau: |
Ychwanegu Tag
Dim Tagiau, Byddwch y cyntaf i dagio'r cofnod hwn!
|
MARC
| LEADER | 00000 a a2200000 04500 | ||
|---|---|---|---|
| 001 | 355 | ||
| 003 | |||
| 040 | |||
| 245 | |a Deuda externa: |b situación límite | ||
| 500 | |a También EN: Pensamiento Propio (CRIES), 3 54, páginas 25-35. # acceso: 09924.06 | ||
| 520 | |a Durante las tres últimas décadas, la deuda externa centroamericana se ha incrementado al doble debido a la crisis internacional y al gotamiento del modelo agroexportador para adecuarse a los procesos de desacelaración de la economía mundial. El incremento de los precios del petróleo en 1973 y 1979, unido a la caída de los precios de los productos de exportación de la región y la agudización de los conflictos militares y políticos, son solo algunos de los conflictos suscitados en las naciones de América Central, a raíz de la recesión mundial. OB/EL | ||
| 650 | |a DEUDA EXTERNA | ||
| 650 | |a EXPORTACIONES | ||
| 650 | |a IMPORTACIONES | ||
| 650 | |a CRECIMIENTO ECONOMICO | ||
| 650 | |a PRECIOS | ||
| 650 | |a PRODUCTO INTERNO BRUTO | ||
| 650 | |a TASA DE INTERES | ||
| 650 | |a ORGANIZACIONES INTERNACIONALES | ||
| 773 | |g número 110; páginas 2 y 21 | ||
| 999 | |c 35213 |d 35213 | ||
| 773 | 0 | |0 42391 |9 3614 |a Agencia Latinoamericana de Información, ALAI |d Quito, Ecuador: ALAI |o 06984 |t ALAI: |x 08275564 (Servicio mensual de información y documentación) | |
